Bitácora personal Cable a tierra: la aventura de construir mi proyecto de vida
Uloženo v:
| Korporace: | , |
|---|---|
| Médium: | Kniha |
| Jazyk: | španělština |
| Vydáno: |
Santiago
Mineduc
2000
Santiago Conace 2000 |
| Edice: | Programa de Prevención del Consumo de Drogas
|
| Témata: | |
| Tagy: |
Přidat tag
Žádné tagy, Buďte první, kdo vytvoří štítek k tomuto záznamu!
|
MARC
| LEADER | 00000nam a2200000 a 4500 | ||
|---|---|---|---|
| 001 | UCM2985 | ||
| 003 | CL-VaPUC | ||
| 008 | 020621e20000000cl |||||||||||||||||spa|d | ||
| 082 | 0 | 4 | |a 362.2917 |b MIN |2 21 |
| 110 | 2 | |a MINEDUC |e author |9 469791 | |
| 710 | 2 | |a CONACE |e author |9 469792 | |
| 245 | 1 | 0 | |a Bitácora personal Cable a tierra: la aventura de construir mi proyecto de vida |
| 300 | |a 96 p | ||
| 942 | |c BK | ||
| 945 | |d 20020621 00:00:00 |a cmena | ||
| 260 | |a Santiago |b Mineduc |c 2000 | ||
| 260 | |a Santiago |b Conace |c 2000 | ||
| 500 | |a Complementario con Guía para docentes | ||
| 650 | 7 | |a PREVENCION DEL CONSUMO DE DROGAS |2 CL-VaPUC |9 469793 | |
| 650 | 0 | |a Métodos de enseñanza |9 270413 | |
| 650 | 0 | |a Juventud |9 271073 | |
| 583 | |a last modification |c 20171123 11:56:10 |k Rodrigo Vera | ||
| 490 | 0 | |a Programa de Prevención del Consumo de Drogas | |
| 999 | |c 300593 |d 300591 | ||
| 952 | |0 0 |1 0 |4 0 |6 362_291700000000000_MIN_2000_2000 |7 0 |8 A |9 358542 |a BIBEDU |b BIBEDU |c ES_NOD |d 2019-11-21 |i 3821250 |o 362.2917 MIN 2000 2000 |p 3821250 |r 2023-08-09 |w 2019-11-21 |y BK |k EPE | ||
| 952 | |0 0 |1 0 |4 0 |6 362_291700000000000_MIN_2000_2000 |7 0 |8 A |9 358543 |a BIBGIM |b BIBGIM |d 2019-11-21 |i 389309K |o 362.2917 MIN 2000 2000 |p 389309K |r 2025-01-15 |w 2019-11-21 |y BK |k GIM | ||
| 952 | |0 0 |1 0 |4 0 |6 362_291700000000000_MIN_2000_2000 |7 0 |8 A |9 358544 |a BIBEDU |b BIBEDU |c ES_NOD |d 2019-11-21 |i 3893316 |o 362.2917 MIN 2000 2000 |p 3893316 |r 2023-08-09 |w 2019-11-21 |y BK |k BME | ||